| 000 | 01089nam a2200337 a 4500 | ||
|---|---|---|---|
| 001 | 76577 | ||
| 003 | BD-RjUL | ||
| 005 | 20211209082848.0 | ||
| 008 | 191222s1988 nyu b 001 0 eng | ||
| 020 | _a0024276707 (pbk. : v. 1) | ||
| 020 | _a0024276804 (pbk. : v. 2) | ||
| 020 | _z0024278106 (v. 2) | ||
| 020 | _a0024278009 (hard : v. 1) | ||
| 020 | _a0024278106 (hard : v. 2) | ||
| 035 | _a(BD-RjUL)76801 | ||
| 040 |
_aDLC _cDLC _dDLC _dBD-RjUL _beng |
||
| 041 | _aeng | ||
| 082 | 0 | 0 |
_219 _a808.8 _bLIT 1988 |
| 245 | 0 | 0 |
_aLiterature of the Western world / _c[compiled by] Brian Wilkie, James Hurt. |
| 250 | _a2nd ed. | ||
| 260 |
_aNew York : _bMacmillan, _cc1988. |
||
| 300 |
_a2 v. ; _c24 cm. |
||
| 504 | _aIncludes bibliographies and index. | ||
| 505 | 0 | _av. 1. The ancient world through the Renaissance -- v. 2. Neoclassicism through the modern period. | |
| 650 | 0 |
_aLiterature _xCollections. _9236742 |
|
| 700 | 1 |
_aWilkie, Brian, _d1929- _9236745 |
|
| 700 | 1 |
_aHurt, James, _d1934- _9236744 |
|
| 942 |
_2ddc _cBK |
||
| 999 |
_c76577 _d76577 |
||